Championship Winning Cars by Picture -Formula 1 - Statistics

General Stats
  • This quiz has been taken 23 times
    7 since last reset
  • The average score is 43 of 86
Answer Stats
Picture Hint Answer % Correct
1963 Lotus 25
75%
1965 Lotus 33
75%
1950 Alfa Romeo Alfetta 158
75%
1951 Alfa Romeo Alfetta 159
75%
1983 Brabham -Drivers BT52B
75%
2001 Ferrari F2001
75%
2002 Ferrari F2002
75%
1986 Williams -Constructors FW11
75%
1992 Williams FW14B
75%
1993 Williams FW15C
75%
1994 Williams -Constructors FW16
75%
1996 Williams FW18
75%
1984 McLaren MP4-2
75%
1982 Ferrari -Constructors 126C2
50%
1961 Ferrari 156
50%
1964 Ferrari 158
50%
1954 Maserati -Drivers, 1957 250F
50%
1975 Ferrari 312T
50%
1976 Ferrari -Constructors, 1977 312T2
50%
1979 Ferrari 312T4
50%
1968 Lotus 49B
50%
1952-1953 Ferrari 500
50%
1970 Lotus 72
50%
1972 Lotus 72D
50%
1973 Lotus -Constructors 72E
50%
1978 Lotus 79
50%
1994 Benetton -Drivers B194
50%
1995 Benetton B195
50%
2009 Brawn GP Brawn BGP 001
50%
1981 Brabham -Drivers BT49C
50%
2000 Ferrari F1-2000
50%
2003 Ferrari F2003-GA
50%
2004 Ferrari F2004
50%
2007 Ferrari F2007
50%
2008 Ferrari -Constructors F2008
50%
1999 Ferrari -Constructors F399
50%
1980 Williams FW07
50%
1981 Williams -Constructors FW07D
50%
1982 Williams -Drivers FW08
50%
1987 Williams FW11B
50%
1997 Williams FW19
50%
1974 McLaren M23
50%
2024 McLaren -Constructors MCL38
50%
2025 McLaren MCL39
50%
1998 McLaren MP4-13
50%
1999 McLaren -Drivers MP4-14
50%
2008 McLaren -Drivers MP4-23
50%
1985 McLaren MP4-2B
50%
1986 McLaren -Drivers MP4-2C
50%
1988 McLaren MP4-4
50%
1989 McLaren MP4-5
50%
1990 McLaren MP4-5B
50%
1991 McLaren MP4-6
50%
2005 Renault R25
50%
2006 Renault R26
50%
2021 Red Bull -Drivers RB16B
50%
2022 Red Bull RB18
50%
2023 Red Bull RB19
50%
2024 Red Bull -Drivers RB20
50%
2010 Red Bull RB6
50%
2011 Red Bull RB7
50%
2012 Red Bull RB8
50%
2013 Red Bull RB9
50%
1959 Cooper T51
50%
1960 Cooper T53
50%
2014 Mercedes W05
50%
2015 Mercedes W06
50%
2016 Mercedes W07
50%
2017 Mercedes W08
50%
2018 Mercedes W09
50%
2019 Mercedes W10
50%
2020 Mercedes W11
50%
2021 Mercedes -Constructors W12
50%
1955 Mercedes, 1954 Drivers W196
50%
1971 Tyrrell 003
25%
1973 Tyrrell -Drivers 006
25%
1958 Ferrari -Drivers 246
25%
1954 Ferrari -Constructors 625 F1
25%
1966 Brabham BT20
25%
1967 Brabham BT24
25%
1956 Ferrari Lancia D50
25%
1976 McLaren -Drivers M26
25%
1969 Matra MS84
25%
1962 BRM P57
25%
1958 Vanwall -Constructors VW 5
25%
1983 Ferrari -Constructors 126C3
0%
No matching quizzes found
Score Distribution
Percent of People with Each Score
Percentile by Number Answered
Your Score History
You have not taken this quiz since the last reset